Applied statistics : (Record no. 5076)
[ view plain ]
| 000 -LEADER | |
|---|---|
| fixed length control field | 00520cam a2200169 a 4500 |
| 020 ## - INTERNATIONAL STANDARD BOOK NUMBER | |
| ISBN | 025619386X |
| 050 00 - CALL NUMBER | |
| Classification number | HF1017 |
| Item number | .B654 |
| 100 1# - AUTHOR | |
| Personal name | Bowerman, Bruce L. |
| 245 10 - TITLE | |
| Title | Applied statistics : |
| Remainder of title | improving business processes / |
| Statement of responsibility, etc | Bruce L. Bowerman, Richard T. O'Connell. |
| 260 ## - PUBLICATION INFORMATION | |
| Place of publication | Chicago : |
| Name of publisher | Irwin, |
| Year of publication | c1997. |
| 300 ## - DESCRIPTION | |
| Number of Pages | xviii, 1273 p. : |
| Other physical details | ill. ; |
| Dimensions | 29 cm. |
| 440 #4 - SERIES | |
| SERIES | The Irwin series in statistics |
| 650 #0 - SUBJECTS | |
| Topical Term | Commercial statistics. |
| 650 #0 - SUBJECTS | |
| Topical Term | Statistics. |
| 700 1# - OTHER AUTHORS | |
| Personal name | O'Connell, Richard T. |
| 942 ## - ADDED ENTRY ELEMENTS (KOHA) | |
| Koha item type | Books |
| Withdrawn status | Lost status | Home library | Current library | Date acquired | Full call number | Accession Number | Koha item type | Collection code | Shelving location |
|---|---|---|---|---|---|---|---|---|---|
| Methodist University Library Wenchi Faculty | Methodist University Library Wenchi Faculty | 30/04/2019 | HF1017 .B654 | 14431 | Books | ||||
| Methodist University Library Wenchi Faculty | Methodist University Library Wenchi Faculty | 30/04/2019 | HF1017 .B654 | 14434 | Books | ||||
| Methodist University Library Wenchi Faculty | Methodist University Library Wenchi Faculty | 30/04/2019 | HF1017 .B654 | 1219 | Books | Non-fiction | General Stacks |